[Event "Charlotte Open 2020"]
[Site "Charlotte"]
[Date "2020.01.06"]
[Round "9.18"]
[White "Zeng, Sheena"]
[Black "Martinez, Isaac"]
[Result "0-1"]
[WhiteElo "1987"]
[BlackElo "2079"]
[Annotator "NA RC"]
[PlyCount "142"]
[EventDate "2020.01.02"]
[EventType "swiss"]
[EventCountry "USA"]
[SourceTitle "playchess.com"]
[Source "ChessBase"]
[SourceQuality "1"]
[TimeControl "6000+30"]

1. d4 {[%emt 1:40:30]} Nf6 {[%emt 1:40:30]} 2. c4 {[%emt 0:00:30]} e6 {[%emt 0:00:30]} 3. Nf3 {[%emt 0:00:30]} Bb4+ {[%emt 0:00:30]} 4. Bd2 {[%emt 0:00:30]} Qe7 {[%emt 0:00:30]} 5. g3 {[%emt 0:00:30]} Nc6 {[%emt 0:00:30]} 6. Nc3 {[%emt 0:00:30]} Bxc3 {[%emt 0:00:30]} 7. Bxc3 {[%emt 0:00:30]} Ne4 {[%emt 0:00:30]} 8. Rc1 {[%emt 0:00:30]} O-O {[%emt 0:00:30]} 9. Bg2 {[%emt 0:00:30]} d6 10. O-O Nxc3 11. Rxc3 e5 12. d5 {[%emt 0:01:30]} Nb8 {[%emt 0:02:00]} 13. Qc1 {[%emt 0:00:30] E11: Bogo-Indian} (13. c5 a5 14. Nd2 Na6 15. cxd6 cxd6 16. Nc4 Qd8 17. a3 b5 18. Nd2 Bd7 19. Rc1 b4 20. axb4 axb4 {0-1 (65) Berkes,F (2687)-Amin,B (2657) Reykjavik 2014}) 13... c5 {[%emt 0:00:30]} 14. dxc6 $146 {[%emt 0:00:30]} ({Predecessor:} 14. Nh4 Nd7 15. Nf5 Qf6 16. e4 Nb6 17. g4 Bxf5 18. exf5 h6 19. Be4 Rab8 20. Rg3 Qg5 {0-1 (34) Cengija,V (2287)-Arjun,V (2205) Novi Sad 2006}) 14... bxc6 {[%emt 0:00:30]} 15. e3 {[%emt 0:00:30]} ({White should try} 15. Rd1 $16) 15... a5 {[%emt 0:00:30]} 16. Nd2 {[%emt 0:00:30]} Bb7 {[%emt 0:00:30]} 17. Rd1 {[%emt 0:00:30]} f5 {[%emt 0:00:30]} 18. e4 {[%emt 0:00:30]} c5 {[%emt 0:00:30]} 19. exf5 $1 {[%emt 0:00:30]} Bxg2 {[%emt 0:00:30]} 20. Kxg2 {[%emt 0:00:30]} Nc6 {[%emt 0:00:30]} 21. f6 {[%emt 0:00:30]} Rxf6 {[%emt 0:00:30]} 22. Ne4 {[%emt 0:00:30]} Rh6 {[%emt 0:00:30]} 23. Qg5 {[%emt 0:00:30]} Qe6 {[%emt 0:00:30]} 24. h4 {[%emt 0:00:30]} Nd4 {[%emt 0:00:30]} 25. Re1 {[%emt 0:00:30]} Qf7 {[%emt 0:00:30]} 26. Qd2 {[%emt 0:00:30]} Rf8 {[%emt 0:00:30]} 27. Ng5 {[%emt 0:00:30]} Qb7+ {[%emt 0:00:30]} 28. Ne4 {[%emt 0:00:30]} Rg6 {[%emt 0:00:30]} 29. f3 {[%emt 0:00:30]} Qe7 {[%emt 0:00:30]} 30. Rh1 {[%emt 0:00:30]} Qf7 {[%emt 0:00:30]} 31. Qd1 {[%emt 0:00:30]} Qb7 {[%emt 0:00:30]} 32. Qb1 {[%emt 0:00:30]} Re6 {[%emt 0:00:30]} (32... a4 $15) 33. Ng5 {[%emt 0:00:30]} Rh6 {[%emt 0:00:30]} 34. b3 {[%emt 0:00:30]} a4 {[%emt 0:00:30]} 35. bxa4 {[%emt 0:00:30]} Rb8 {[%emt 0:00:30]} 36. Qxb7 {[%emt 0:00:30]} Rxb7 {[%emt 0:00:30]} 37. Rf1 {[%emt 0:00:30]} Rf6 {[%emt 0:00:30]} 38. a5 {[%emt 0:00:30]} Rf8 {[%emt 0:00:30] [#]} 39. Ne4 $1 {[%emt 0:00:30]} Rd8 {[%emt 0:00:30]} 40. Rf2 {[%emt 0:00:30]} Kf8 {[%emt 0:00:30]} 41. Ra3 {[%emt 0:00:30]} Ke7 {[%emt 0:00:30] [#]} 42. Nc3 {[%emt 0:00:30]} (42. f4 $142 $1) 42... Ra8 {[%emt 0:00:30]} 43. f4 {[%emt 0:00:30]} Rba7 {[%emt 0:00:30]} 44. Nd5+ {[%emt 0:00:30]} Ke6 {[%emt 0:00:30] [#]} 45. a6 $1 {[%emt 0:00:30]} Nc6 {[%emt 0:00:30]} 46. Rb2 {[%emt 0:00:30]} Nb4 {[%emt 0:00:30]} 47. fxe5 {[%emt 0:00:30]} Nxd5 {[%emt 0:00:30]} 48. cxd5+ {[%emt 0:00:30]} Kxe5 {[%emt 0:00:30]} 49. Rb6 {[%emt 0:00:30]} c4 {[%emt 0:00:30]} 50. Ra5 {[%emt 0:00:30]} Rc7 {[%emt 0:00:30]} (50... c3 $11 51. Rc6 h5) 51. Rb2 {[%emt 0:00:30]} ({Better is} 51. Rc6 $14 Rxc6 52. dxc6+ d5 53. Kf3) 51... Rc5 {[%emt 0:00:30]} 52. Rxc5 {[%emt 0:00:30]} (52. Ra3 $11) 52... dxc5 {[%emt 0:00:30]} 53. Rd2 {[%emt 0:00:30]} (53. d6 $17 c3 54. Rc2) 53... c3 {[%emt 0:00:30]} 54. Rd3 $17 {[%emt 0:00:30]} Rxa6 {[%emt 0:00:30]} 55. d6 {[%emt 0:00:30]} Rxa2+ {[%emt 0:00:30]} 56. Kf3 {[%emt 0:00:30]} c2 {[%emt 0:00:30]} 57. d7 {[%emt 0:00:30]} c1=Q {[%emt 0:00:30]} 58. Rd5+ {[%emt 0:00:30]} Kxd5 {[%emt 0:00:30]} 59. d8=Q+ {[%emt 0:00:30]} Kc4 {[%emt 0:00:30]} 60. Qg8+ {[%emt 0:00:30]} Kb4 {[%emt 0:00:30]} 61. Qxa2 {[%emt 0:00:30]} Qa3+ {[%emt 0:00:30]} 62. Qxa3+ {[%emt 0:00:30]} Kxa3 {[%emt 0:00:30]} 63. Ke2 {[%emt 0:00:30]} Kb3 {[%emt 0:00:30]} 64. Kd2 {[%emt 0:00:30]} c4 {[%emt 0:00:30]} 65. Kc1 {[%emt 0:00:30]} Kc3 {[%emt 0:00:30]} 66. g4 {[%emt 0:00:30]} h6 {[%emt 0:00:30]} 67. h5 {[%emt 0:00:30]} Kd3 {[%emt 0:00:30]} 68. Kd1 {[%emt 0:00:30]} c3 {[%emt 0:00:30]} 69. Kc1 {[%emt 0:00:30]} c2 {[%emt 0:00:30]} 70. g5 {[%emt 0:00:30]} hxg5 {[%emt 0:00:30]} 71. h6 {[%emt 0:00:30]} gxh6 {[%emt 0:00:30]} 0-1

[Event "Charlotte Open 2020"]
[Site "Charlotte"]
[Date "2020.01.06"]
[Round "9.19"]
[White "Comsa, Ciprian-Mihai"]
[Black "Vanapalli, Vishnu"]
[Result "1/2-1/2"]
[WhiteElo "1862"]
[BlackElo "1777"]
[Annotator "NA"]
[PlyCount "103"]
[EventDate "2020.01.02"]
[EventType "swiss"]
[EventCountry "USA"]
[SourceTitle "playchess.com"]
[Source "ChessBase"]
[SourceQuality "1"]
[TimeControl "6000+30"]

1. e4 {[%emt 1:40:30]} e6 {[%emt 1:40:30]} 2. d4 {[%emt 0:00:30]} d5 {[%emt 0:00:30]} 3. exd5 {[%emt 0:00:30]} exd5 {[%emt 0:00:30]} 4. Nf3 {[%emt 0:00:30]} Nc6 {[%emt 0:00:30]} 5. Bd3 {[%emt 0:00:30]} Bd6 {[%emt 0:00:30]} 6. O-O {[%emt 0:00:30]} Nge7 {[%emt 0:00:30]} 7. c3 {[%emt 0:00:30]} Bg4 {[%emt 0:00:30]} 8. Nbd2 {[%emt 0:00:30]} Qd7 9. a4 O-O 10. Re1 f6 {[%emt 0:01:30]} 11. Qc2 {[%emt 0:01:30]} Bf5 {[%emt 0:00:30]} 12. Nf1 {[%emt 0:00:30]} Nd8 {[%emt 0:00:30]} 13. Ng3 {[%emt 0:00:30]} Bxd3 {[%emt 0:00:30]} 14. Qxd3 {[%emt 0:00:30]} c6 {[%emt 0:00:30]} 15. Bd2 {[%emt 0:00:30]} Nf7 {[%emt 0:00:30]} 16. Re2 {[%emt 0:00:30]} Rae8 {[%emt 0:00:30]} 17. Rae1 {[%emt 0:00:30]} Ng6 {[%emt 0:00:30]} 18. Qf5 {[%emt 0:00:30]} Qxf5 {[%emt 0:00:30]} 19. Nxf5 {[%emt 0:00:30]} Rxe2 {[%emt 0:00:30]} 20. Rxe2 {[%emt 0:00:30]} Bc7 {[%emt 0:00:30]} 21. b3 {[%emt 0:00:30]} Nd6 {[%emt 0:00:30]} 22. Nxd6 {[%emt 0:00:30]} Bxd6 {[%emt 0:00:30]} 23. c4 {[%emt 0:00:30]} Kf7 {[%emt 0:00:30]} 24. Ne1 {[%emt 0:00:30]} Rd8 {[%emt 0:00:30]} 25. c5 {[%emt 0:00:30]} Bc7 {[%emt 0:00:30]} 26. b4 {[%emt 0:00:30]} Nf4 {[%emt 0:00:30]} 27. Bxf4 {[%emt 0:00:30]} Bxf4 {[%emt 0:00:30]} 28. Nd3 {[%emt 0:00:30]} Bc7 {[%emt 0:00:30]} 29. b5 {[%emt 0:00:30]} Re8 {[%emt 0:00:30]} 30. Rxe8 {[%emt 0:00:30]} Kxe8 {[%emt 0:00:30]} 31. bxc6 {[%emt 0:00:30]} bxc6 {[%emt 0:00:30]} 32. f4 {[%emt 0:00:30]} Kd7 {[%emt 0:00:30]} 33. Kf2 {[%emt 0:00:30]} Ba5 {[%emt 0:00:30]} 34. Ke3 {[%emt 0:00:30]} Ke6 {[%emt 0:00:30]} 35. g4 {[%emt 0:00:30]} Bc7 {[%emt 0:00:30]} 36. h3 {[%emt 0:00:30]} Ke7 {[%emt 0:00:30]} 37. Nc1 {[%emt 0:00:30]} Bb8 {[%emt 0:00:30]} 38. Ne2 {[%emt 0:00:30]} Kf7 {[%emt 0:00:30]} 39. h4 {[%emt 0:00:30]} Bc7 {[%emt 0:00:30]} 40. Kf3 {[%emt 0:00:30]} Bb8 {[%emt 0:00:30]} 41. Ng3 {[%emt 0:00:30]} g6 {[%emt 0:00:30]} 42. Nf1 {[%emt 0:00:30]} Bc7 {[%emt 0:00:30]} 43. Ne3 {[%emt 0:00:30]} a5 {[%emt 0:00:30]} 44. f5 {[%emt 0:00:30]} g5 {[%emt 0:00:30]} 45. hxg5 {[%emt 0:00:30]} fxg5 46. Ng2 {[%emt 0:00:30]} Bd8 {[%emt 0:01:00]} 47. Ne1 {[%emt 0:00:30]} Kf6 {[%emt 0:00:30]} 48. Nd3 {[%emt 0:00:30]} Bc7 {[%emt 0:00:30]} 49. Nb2 {[%emt 0:00:30]} h5 {[%emt 0:00:30]} 50. Nd3 {[%emt 0:00:30]} h4 {[%emt 0:00:30]} 51. Nf2 {[%emt 0:00:30]} Bb8 {[%emt 0:00:30]} 52. Nh3 {[%emt 0:00:30] Ke5 Ke4+} 1/2-1/2

[Event "Charlotte Open 2020"]
[Site "Charlotte"]
[Date "2020.01.05"]
[Round "9.20"]
[White "Chen, Benjamin"]
[Black "Narayanan, Samrug"]
[Result "0-1"]
[WhiteElo "2046"]
[BlackElo "2248"]
[Annotator "TA"]
[PlyCount "56"]
[EventDate "2020.01.02"]
[EventType "swiss"]
[EventCountry "USA"]
[SourceTitle "playchess.com"]
[Source "ChessBase"]
[SourceQuality "1"]

{[%evp 13,66,17,22,6,6,6,15,0,0,7,12,0,2,14,3,0,9,0,15,6,12,20,143,104,98,105,106,75,78,44,58,74,91,79,93,6,16,-206,-207,-258,-257,-264,-260,-450,-376,-375,-350,-700,-679,-637,-607,-729,-720,-637,-634]} 1. d4 d5 2. c4 e6 3. Nf3 Nf6 4. g3 dxc4 5. Bg2 Nc6 6. Qa4 Bb4+ 7. Bd2 Nd5 8. Qb5 {E04: Open Catalan: 5 Nf3} (8. Bxb4 Ndxb4 9. O-O Rb8 10. Na3 O-O 11. Qb5 b6 12. Qxc4 Ba6 13. Nb5 Qe8 14. Rfc1 Nd5 15. Qxc6 Qxc6 16. Rxc6 Bxb5 17. Rc2 Rfc8 {½-½ (33) So,W (2780)-Caruana,F (2822) Saint Louis 2018}) 8... Bxd2+ 9. Nbxd2 c3 10. bxc3 {The position is equal.} Nxc3 11. Qb2 Nd5 12. O-O O-O 13. Rfc1 Nde7 14. e3 a5 15. Rab1 $146 ({Predecessor:} 15. a3 Ra7 {½-½ (71) Kelires,A (2464)-Frolyanov,D (2563) Paleochora 2016}) 15... Rb8 16. Qc2 b6 17. Ng5 $36 {[%csl Gg5][%cal Rc2h7][%mdl 2048] Black is under pressure.} Nf5 (17... g6 $11 {keeps the balance.}) 18. Qxc6 Qxg5 19. Qxc7 Ba6 20. Qa7 ({And not} 20. Rxb6 Rbc8 $17) 20... Bd3 21. Rxb6 Rxb6 22. Qxb6 Nxe3 23. Nf3 Qh6 {[#]} 24. Ne5 (24. Qb7 $1 $16 {Threatens to win with Rc8.} Nc2 25. Qb2) 24... Bf5 {And now ...Ng4 would win.} 25. Qc6 $2 (25. Qc5 $11 {and White is okay.} Nxg2 26. Nc6) 25... Nxg2 $19 26. Kxg2 {[#]} Be4+ $1 {[%mdl 576] Deflection} 27. Qxe4 Qxc1 {[%mdl 4096] Endgame KQR-KQN} 28. h4 $2 (28. Nc6) 28... Qa1 {Played: Qc1-b2} 0-1